000 01282cam a2200385 i 4500
001 22835309
005 20250327153439.0
008 221019t20232023enka b 001 0 eng d
010 _a 2022948407
016 7 _a020808371
_2Uk
020 _a1800377835
020 _a9781800377837
020 _a9781800377851
020 _a1800377851
035 _a(OCoLC)on1340031451
042 _alccopycat
082 0 4 _a330.019 TIS
100 1 _aTisdell, Clement A.
245 1 0 _aAdvanced Introduction To Bounded Rationality
260 _aUk
_bEdward Elgar Pub.
_c2023
264 1 _aCheltenham, UK ;
_aNorthampton :
_bEdward Elgar Publishing,
_c2023.
264 4 _c©2023
300 _a145 pages :
_billustrations ;
_c22 cm.
336 _atext
_2rdacontent
337 _aunmediated
_2rdamedia
338 _avolume
_2rdacarrier
504 _aIncludes bibliographical references and index.
650 0 _aRational expectations (Economic theory)
650 0 _aEconomics
650 7 _aEconomics
650 7 _aRational expectations (Economic theory)
906 _a7
_bcbc
_ccopycat
_d2
_encip
_f20
_gy-gencatlg
942 _cBK
999 _c43450
_d43450